Electoral Districts of Nova Scotia - Statistics

General Stats
  • This quiz has been taken 23 times
  • The average score is 6 of 51
Answer Stats
District % Correct
Inverness
63%
Clare
50%
Glace Bay
50%
Richmond
50%
Antigonish
25%
Argyle
25%
Colchester North
25%
Cumberland North
25%
Cumberland South
25%
Truro-Bible Hill-Millbrook-Salmon River
25%
Victoria-The Lakes
25%
Yarmouth
25%
Annapolis
13%
Cape Breton Centre
13%
Chester-St. Margaret's
13%
Dartmouth East
13%
Dartmouth North
13%
Digby-Annapolis
13%
Halifax Atlantic
13%
Halifax Clayton Park
13%
Halifax Fairview
13%
Hants West
13%
Pictou East
13%
Pictou West
13%
Preston
13%
Timberlea-Prospect
13%
Bedford
0%
Cape Breton North
0%
Cape Breton Nova
0%
Cape Breton South
0%
Cape Breton West
0%
Colchester-Musquodoboit Valley
0%
Cole Harbour
0%
Cole Harbour-Eastern Passage
0%
Dartmouth South-Portland Valley
0%
Eastern Shore
0%
Guysborough-Sheet Harbour
0%
Halifax Chebucto
0%
Halifax Needham
0%
Hammonds Plains-Lucasville
0%
Hants East
0%
Kings North
0%
Kings South
0%
Kings West
0%
Lunenburg
0%
Lunenburg West
0%
Pictou Centre
0%
Queens
0%
Sackville-Cobequid
0%
Shelburne
0%
Waverley-Fall River-Beaverbank
0%
No matching quizzes found
Score Distribution
Percent of People with Each Score
Percentile by Number Answered
Your Score History
You have not taken this quiz